000 00419cam5a220014500 4500
001 lce00963432
008 741025s1974 onca 000 0 eng d
020 _a0919594263
035 _a(Sirsi) r26079
050 _aPN 6100 HEM 1974
100 _aHemsley, Stuart Davidson
245 _aUp Parnassus :
_bpoems and illustrations /
_cby Stuart Hemsley.
260 _aOttawa :
_bBorealis Press,
_c1974.
500 _aPoems.
999 _c188037
_d188037